| 000 | 00737nam a2200241 a 4500 | ||
|---|---|---|---|
| 008 | |||
| 020 | _a041915440x (pbk.) | ||
| 049 | _aMAIN | ||
| 090 |
_aTA641 _bMEE |
||
| 100 | 1 | _aHarrison, H.B. | |
| 245 | 1 | 0 |
_aComputer methods in structural analysis / _cJ.L. Meek. |
| 260 |
_aLondon : _bE and FN Spon, _c1991. |
||
| 300 |
_a 503 p. : _bill. ; _c25 cm. |
||
| 504 | _aIncludes bibliographical references. | ||
| 500 | _aIncludes index. | ||
| 650 | 0 |
_aStructural analysis (Engineering) _xData processing. |
|
| 650 | 0 |
_aStructural frames _xData processing. |
|
| 907 |
_a.b10141881 _b28-08-12 _c03-12-04 |
||
| 003 | |||
| 005 | 20230123133855.0 | ||
| 040 | _cNUST | ||
| 942 |
_cBOOKS _kTA641 _mMEE |
||
| 999 |
_c156111 _d156111 |
||